000 00595nam a2200229Ia 4500
003 OSt
005 20221007074755.0
006 a|||||r|||| 00| 0
007 ta
008 221006b |||||||| |||| 00| 0 eng d
024 _a29,728
037 _cTextual
040 _aFLL
_cFLL
_beng
041 _2eng
_aeng
082 _aXM55:Z2, P6.1
100 _aRamaiya A.
245 0 _aCompanies act (appendix part I)
260 _aNagpur
_bWadhwa and Company India
_c2006
300 _aD.P.
_ccm.
942 _hXM55:Z2, P6.1
_cTEXL
_2CC
999 _c1153614
_d1153614